Spouses to the Prime Minister of Australia - Statistics

General Stats
  • This quiz has been taken 6 times
    3 since last reset
  • The average score is 7 of 36
Answer Stats
Tenure Answer % Correct
1972-1975 Margaret Whitlam
100%
1932-1939 Enid Lyons
67%
1983-1991 Hazel Hawke
67%
2018-2022 Jenny Morrison
67%
1971-1972 Sonia McMahon
67%
2007-2010 Thérèse Rein
67%
2013 Thérèse Rein
67%
1991-1996 Annita Keating
33%
1996-2007 Janette Howard
33%
2015-2018 Lucy Turnbull
33%
2013-2015 Margie Abbott
33%
1966-1967 Zara Holt
33%
1904 Ada Watson
0%
1968-1971 Bettina Gorton
0%
1945-1949 Elizabeth Chifley
0%
1941-1945 Elsie Curtin
0%
1923-1929 Ethel Bruce
0%
1939 Ethel Page
0%
1904-1905 Flora Reid
0%
1941 Ilma Fadden
0%
1901-1903 Jane Barton
0%
2022-Incumbent Jodie Haydon
0%
1908-1909 Margaret Fisher
0%
1910-1913 Margaret Fisher
0%
1914-1915 Margaret Fisher
0%
1913-1914 Mary Cook
0%
1915-1923 Mary Hughes
0%
1903-1904 Pattie Deakin
0%
1905-1908 Pattie Deakin
0%
1909-1910 Pattie Deakin
0%
1939-1941 Pattie Menzies
0%
1949-1966 Pattie Menzies
0%
1929-1932 Sarah Scullin
0%
1975-1983 Tamie Fraser
0%
2010-2013 Tim Mathieson
0%
1945 Veronica Forde
0%
No matching quizzes found
Score Distribution
Percent of People with Each Score
Percentile by Number Answered
Your Score History
You have not taken this quiz since the last reset